000 00661nam a2200205Ia 4500
003 GCL
008 140319s9999 xx 000 0 ara d
040 _aGCL /
_cGCL
082 0 4 _a338.262
_bف ث
100 1 _aفؤاد محمد الصقار
245 1 0 _aالثروة المعدنية بالآقليم المصرى /
_cفؤاد محمد الصقار
300 _a362 ص
490 _aالهيئة العامة للاستعلامات
_v0
650 0 4 _aالمحاجر
650 0 4 _aالثروة المعدنية
650 0 4 _aالصناعات الثقيلة
650 0 4 _aالتعدين - مصر
650 0 4 _aالمعادن - مصر
942 _2ddc
_cBK
999 _c50114
_d50114